000 00347nam a2200145Ia 4500
008 090122s9999 xx 000 0 und d
082 _b4832
_a891.463
100 _aनाईक
_bगुरुनाथ
245 _aधडक
600 _aनाईक
630 _aधडक
700 _aनाईक
730 _aधडक
942 _cBOOK
999 _c28910
_d28910